000 nam a22 7a 4500
999 _c46216
_d46216
003 OSt
005 20190410164924.0
008 190410b xxu||||| |||| 00| 0 eng d
040 _csero soft
100 _asingh,Y.K
245 _aTeaching of botany
260 _adelhi
_bAPH
300 _a348
942 _2ddc
_c02